Applied Boolean algebra : an elementary introduction /
Guardado en:
| Autor Principal: | |
|---|---|
| Formato: | Libro |
| Idioma: | English |
| Publicado: |
New York :
Macmillan,
c1960.
|
| Series: | A Series of mathematics texts
|
| Etiquetas: |
Agregar Etiqueta
Sin Etiquetas, Sea el primero en etiquetar este registro!
|
| LEADER | 00558nam a22001695a 4500 | ||
|---|---|---|---|
| 001 | MAT.inmabb002468 | ||
| 008 | 840801s1960####nyua##########000#0#eng## | ||
| 005 | 20130405162230.0 | ||
| 245 | 1 | 0 | |a Applied Boolean algebra : |b an elementary introduction / |c Franz E. Hohn. |
| 260 | |a New York : |b Macmillan, |c c1960. | ||
| 300 | |a xx, 139 p. : |b il. ; |c 24 cm. | ||
| 440 | 2 | |a A Series of mathematics texts | |
| 510 | 4 | |a MR, |c 22 #9382 | |
| 100 | 1 | |a Hohn, Franz Edward, |d 1915-1977. | |
| 084 | |a 03G05 (06Exx) |2 msc2000 | ||
| 010 | |a 60012745 | ||
| 859 | |h 03 |i H719 |p A-8128 |b BIB. MATEMATICA | ||
